000
00417nam a2200121Ia 4500
008
260427s2020 xx 000 0 und d
041
_a
hin
082
_a
920
100
_a
आचार्य रतनलाल सोमणाथ
245
_a
महर्षी विठ्ठल रामजी शिंदे
260
_b
आर. के. पब्लिकेशन, पुणे
_c
2020
300
_a
Soft/P-90
999
_c
1221091
_d
1221091